ბათუმის შოთა რუსთაველის სახელმწიფო უნივერსიტეტის ბიბლიოთეკა

ნარკვევები გერმანული ლიტერატურის ისტორიიდან. ნაწ. 1 / (ბიბ.ჩანაწერი № 56032)

000 -ლიდერი
ფიქსირებული სიგრძის საკონტროლო ველი 01306nam a2200253Ia 4500
001 - საკონტროლო ნომერი
საკონტროლო ველი 23132
003 - საკონტროლო ნომრის იდენტიფიკატორი
საკონტროლო ველი GE_BSU
005 - ბოლო ოპერაციის თარიღი და დრო
საკონტროლო ველი 20230713150554.0
008 - ფიქსირებული სიგრძის მონაცემთა ელემენტები - ზოგადი ინფორმაცია
ფიქსირებული სიგრძის საკონტროლო ველი 181216s1953||||ge |||||||||||||| ||geo||
040 ## - კატალოგიზაციის წყარო
Transcribing agency GE_BSU
041 ## - ენის კოდი
Language code of text/sound track or separate title geo
080 ## - უნივერსალური ათობითი კლასიფიკაციის ინდექსი
Universal Decimal Classification number 821.112.2.09 ხ-15
100 ## - მთავარი ჩანაწერი - პიროვნების სახელი
Personal name ხავთასი, გრიგოლ
9 (RLIN) 1245
245 ## - ცნობა სათაურის შესახებ
Title ნარკვევები გერმანული ლიტერატურის ისტორიიდან. ნაწ. 1 /
Statement of responsibility, etc გრიგოლ ხავთასი ; რედ. დ. ფანჩულიძე.
264 ## - წარმოების, გამოცემის, დისტრიბუციის და სხვა ცნობები
გამოცემის, წარმოების, დისტრიბუციის... ადგილი თბილისი :
გამოცემის, წარმოების, დისტრიბუციის... სახელწოდება თბილ. სახელმწ. უნ-ტის გამ-ბა,
გამოცემის, წარმოების, დისტრიბუციის... თარიღი 1953.
300 ## - ფიზიკური აღწერა
Extent 559 გვ. :
Other physical details 6 ფ. ტაბლ. ;
Dimensions 20 სმ.
500 ## - ზოგადი შენიშვნა
General note პარალელური სათაური რუსულ ენაზე
520 ## - SUMMARY, ETC.
Summary, etc პარალ. სათ. რუს. ენ.
653 ## - INDEX TERM--UNCONTROLLED
Uncontrolled term გერმანული ლიტერატურის ისტორია
653 ## - INDEX TERM--UNCONTROLLED
Uncontrolled term ნარკვევები გერმანული ლიტერატურის ისტორიიდან ნაწ. 1
700 ## - ADDED ENTRY--PERSONAL NAME
Personal name ფანჩულიძე, დ.
Relator term რედაქტორი
9 (RLIN) 19307
942 ## - ADDED ENTRY ELEMENTS (KOHA)
Koha item type წიგნი
Source of classification or shelving scheme
ეგზემპლარები
ჩამოწერის სტატუსი დაკარგული ეგზემპლარის სტატუსი კლასიფიკაციის წყარო ან თაროზე გაწყობის სქემა დაზიანების სტატუსი არ გაიცემა მუდმივი მდებარეობა (დაცვის ადგილი) ამჟამინდელი ადგილსამყოფელი თაროზე განთავსების ადგილი შეძენის თარიღი ღირებულება, შესყიდვის ნორმალური ფასი სრული შენახვის შიფრი შტრიხკოდი ბოლო ოპერაციის თარიღი ეგზემპლარის მიმდევრობითი ნომერი (კეტერი?) ფასის ძალაში შესვლის თარიღი ეგზემპლარის სახეობა საჯარო შენიშვნა
          ბათუმის შოთა რუსთაველის სახელმწიფო უნივერსიტეტის მთავარი ბიბლიოთეკა ბათუმის შოთა რუსთაველის სახელმწიფო უნივერსიტეტის მთავარი ბიბლიოთეკა წიგნსაცავი 2018-12-17 3.08 821.112.2.09 ხ-15 58559 2018-12-17 58559 2018-12-17 წიგნი 3.08 ₾.